000 01261cad a22002295a 4500
001 L158661
005 20251020103718.0
008 070517e20120508xxk f 000 0 eng d
035 _a(Sirsi) u158661
041 0 _aeng
110 2 _aRoyal Institution of Chartered Surveyors
_94900
245 0 0 _aRules of conduct for firms
_h[electronic resource]
260 _aLondon
_bRICS
_c2012
490 0 _aRICS Rules of Conduct
520 _aEffective from 1 January 2012 (4 June 2007 version 5). These Rules of Conduct for Firms are made by the Regulatory Board of the RICS under Article 18 of the Supplemental Charter 1973 and Bye-Law 5 of RICS Bye-Laws. Sets out the standards of professional conduct and practice expected of firms registered for regulation by RICS. These rules do not repeat obligations placed on firms by the general law, for example in the areas of discrimination and employment.
650 2 4 _aRICS MEMBERSHIP
650 2 4 _aRICS RULES OF CONDUCT
651 4 _aInternational
690 _aABOUT RICS-RICS PROFESSIONAL REGULATION AND CONSUMER PROTECTION-RICS RULES OF CONDUCT
856 4 8 _uhttps://www.rics.org/Global/19633-RICS%20Regulation-Rules%20of%20Conduct%20FOR%20FIRMS-WEB.pdf
_zView this item at www.rics.org...
942 _n0
_2ddc
999 _c115440
_d115440